Bojovník za nový svet Pripomíname si 98. výročie narodenia Antonína Zápotockého

Bibliographic Details
Main Author: Hudeček, Theodor, 1943-2012 (Author)
Format: Article
Language:Slovak
Subjects:

MARC

LEADER 00000nab a2200000 a 4500
001 vtls000132130
003 SK-MaSNL
005 20260303032312.0
008 160201c1982 xo 0 slo
015 |a SNBRB19rr/mm-uuuuu 
035 |a CL0142236 
040 |a SNKBUCL  |b slo  |c SNKBUCL  |e AACR2 
041 0 |a slo 
044 |a xo  |c SK 
080 |a 329.15(437)KSČ  |2 1981 
080 |a 929 Zápotocký, Antonín  |2 1981 
100 1 |a Hudeček, Theodor,  |d 1943-2012  |4 aut  |9 212884 
245 1 0 |a Bojovník za nový svet  |b Pripomíname si 98. výročie narodenia Antonína Zápotockého  |c Teodor Hudeček 
600 1 7 |a Zápotocký, Antonín,  |d 1884-1957  |2 snkbucl  |9 114981 
655 7 |a články z novín a časopisov  |2 snkbucl  |9 267496 
773 0 |t Pravda  |g Roč. 63, č. 300 (18. 12. 1982), s. 2 
850 |a Slovenská národná knižnica v Martine  |a MTA001 
852 |a SNK  |b KIS3GCP 
958 |a RK 
958 |a CZ 
992 |a RBX 
999 |c 1663609  |d 1665539